Schaum's outline of theory and porblems of statistics (Record no. 7820)

000 -LEADER
fixed length control field 00583nam a22002177a 4500
001 - CONTROL NUMBER
control field 7820
003 - CONTROL NUMBER IDENTIFIER
control field BD-DhUET
008 - FIXED-LENGTH DATA ELEMENTS--GENERAL INFORMATION
fixed length control field 141213b xxu||||| |||| 00| 0 eng d
020 ## - INTERNATIONAL STANDARD BOOK NUMBER
International Standard Book Number 070602271
020 ## - INTERNATIONAL STANDARD BOOK NUMBER
International Standard Book Number 0070990085
040 ## - CATALOGING SOURCE
Transcribing agency 0
Modifying agency BD-DhUET
082 ## - DEWEY DECIMAL CLASSIFICATION NUMBER
Classification number 519.9
Item number SPI/1961
100 ## - MAIN ENTRY--PERSONAL NAME
Personal name Spiegel, Murray R.
245 ## - TITLE STATEMENT
Title Schaum's outline of theory and porblems of statistics
Statement of responsibility, etc. in SI units
250 ## - EDITION STATEMENT
Edition statement 1st ed.
260 ## - PUBLICATION, DISTRIBUTION, ETC. (IMPRINT)
Place of publication, distribution, etc. New York
Name of publisher, distributor, etc. McGraw-Hill
Date of publication, distribution, etc. 1961
300 ## - PHYSICAL DESCRIPTION
Extent vii, 359p.
Other physical details ill.
Dimensions 35 cm.
490 ## - SERIES STATEMENT
Series statement Schau's outline series
650 #0 - SUBJECT ADDED ENTRY--TOPICAL TERM
Topical term or geographic name as entry element Statistical mathematics
942 ## - ADDED ENTRY ELEMENTS (KOHA)
Koha item type General Book
Holdings
Koha full call number Location (home branch) Withdrawn status Piece designation (barcode) Source of classification or shelving scheme Koha normalized classification for sorting Koha item type Lost status Koha date last seen Sublocation or collection (holding branch) Copy number Not for loan Date acquired Price effective from Shelving location Damaged status
519.9/SPI/1961Central Library, BUET 31835 519_900000000000000_SPI_1961General Book 2014-12-13Central Library, BUET1 2014-12-132014-12-13Circulation section 
519.9/SPI/1961Central Library, BUET 31855 519_900000000000000_SPI_1961General Book 2014-12-13Central Library, BUET2 2014-12-132014-12-13Circulation section 
519.9/SPI/1961Central Library, BUET 31842 519_900000000000000_SPI_1961General Book 2014-12-13Central Library, BUET3 2014-12-132014-12-13Circulation section 
519.9/SPI/1961Central Library, BUET 31824 519_900000000000000_SPI_1961General Book 2014-12-13Central Library, BUET4 2014-12-132014-12-13Circulation section 
519.9/SPI/1961Central Library, BUET 31814 519_900000000000000_SPI_1961General Book 2014-12-13Central Library, BUET5 2014-12-132014-12-13Circulation section 
519.9/SPI/1961Central Library, BUET 31841 519_900000000000000_SPI_1961General Book 2014-12-13Central Library, BUET6 2014-12-132014-12-13Circulation section 
519.9/SPI/1961Central Library, BUET 31818 519_900000000000000_SPI_1961General Book 2014-12-13Central Library, BUET7 2014-12-132014-12-13Circulation section 
519.9/SPI/1961Central Library, BUET 31861 519_900000000000000_SPI_1961General Book 2014-12-13Central Library, BUET8 2014-12-132014-12-13Circulation section 
519.9/SPI/1961Central Library, BUET 31823 519_900000000000000_SPI_1961General Book 2014-12-13Central Library, BUET9 2014-12-132014-12-13Circulation section 
519.9/SPI/1961Central Library, BUET 31862 519_900000000000000_SPI_1961General Book 2014-12-13Central Library, BUET10 2014-12-132014-12-13Circulation section 
519.9/SPI/1961Central Library, BUET 31856 519_900000000000000_SPI_1961General Book 2014-12-13Central Library, BUET11 2014-12-132014-12-13Circulation section 
519.9/SPI/1961Central Library, BUET 31387 519_900000000000000_SPI_1961Reading Item 2015-07-09Central Library, BUET12 2015-07-092015-07-09Reading section